LEADER 01033cam0 22002653 450 001 SOB0000002048 005 20220104093727.0 010 $a3511040078 100 $a20010216d1981 |||||ita|0103 ba 101 $ager 102 $aDE 200 1 $aJohannes Althusius und die Entwicklung der naturrechtlichen Staastheorien$eZugleich ein Beitrag zur Geschichte der Rechtssystematik$fOtto von Gierke 205 $a7. unveränderte Ausgabe mit Vorwort von Julius von Gierke 210 $aAalen$cScientia$d1981 215 $aXVI, 391 p., [1] c. di tav$critr.$d23 cm. 700 1$aGierke$b, Otto von$3AF00009366$4070$0138092 801 0$aIT$bUNISOB$c20220104$gRICA 850 $aUNISOB 852 $aUNISOB$j340.1$m36894 912 $aSOB0000002048 940 $aM 102 Monografia moderna SBN 941 $aM 957 $a340.1$b000124$gSI$d36894$rACQUISTO$1rovito$2UNISOB$3UNISOB$420220104093710.0$520220104093727.0$6rovito 996 $aJohannes Althusius und die Entwicklung der naturrechtlichen Staastheorien$91679495 997 $aUNISOB